نتائج الأفكار في شرح حديث سيد الاستغفار / (رقم التسجيلة. 83247)
[ عرض عادي ]
| 000 -الفاتح | |
|---|---|
| حقل البيانات ثابتة الطول | 01638nam a2200313 4500 |
| 003 - محدد رقم الضبط | |
| رقم الضبط | OSt |
| 005 - وقت وتاريخ اخر تعامل مع التسجيلة | |
| رقم الضبط | 20220927162301.0 |
| 008 - عناصر البيانات ثابتة الطول - معلومات عامة | |
| حقل البيانات ثابتة الطول | 030308s1999 su g 00000 ara dd |
| 040 ## - مصدر الفهرسة | |
| وكالة الفهرسة الأصلية | Ma-Un |
| لغة الفهرسة | ara |
| وكالة النسخ | Ma-Un |
| 041 ## - رمز اللغة | |
| رمز لغة النص/ المسارات الصوتية أو العنوان الانفرادي | عربي |
| 082 04 - رقم تصنيف ديوى العشرى | |
| رقم التصنيف | 237.3 |
| رقم المادة | س م ن |
| رقم الطبعة | 21 |
| 100 1# - المدخل الرئيسى - إسم شخصى | |
| الإسم الشخصى | السفاريني، محمد بن أحمد بن سالم، |
| التواريخ المصاحبة للاسم | 1114-1188 هـ. |
| 245 10 - بيان العنوان | |
| العنوان | نتائج الأفكار في شرح حديث سيد الاستغفار / |
| بيان المسئوليه,etc | تأليف أبي العون محمد بن أحمد السفاريني ؛ أشرف عليه وتشرف بخدمته عبد العزيز بن سليمان الهبدان، عبد العزيز إبراهيم الدخيل. |
| 250 ## - بيان الطبعة | |
| بيان الطبعة | ط. 2، مصححة ومنقحة. |
| 264 ## - النشر, التوزيع, ETC. (IMPRINT) | |
| مكان الناشر او الموزع RDA | الرياض : |
| اسم الناشر او الموزع RDA | دار الصميعي للنشر والتوزيع، |
| تاريخ النشر أو التوزيع | 1999 |
| تاريخ النشر هجري | 1420. |
| 300 ## - الوصف المادى | |
| التعداد | 364 ص. ؛ |
| أبعاد الوعاء | 24 سم. |
| 490 ## - بيان السلسلة | |
| عنوان السلسلة | سلسلة المؤلفات والأسفار السفارينية ؛ |
| رقم المجلد/ التعيين التسلسلي | 1 |
| 504 ## - تبصرة ببليوجرافية | |
| تبصرة ببليوجرافية,الخ | يشتمل على قائمة ببليوجرافية. |
| 650 #7 - المدخل الاضافى بالموضوع-مصطلح موضوعى | |
| مصطلح موضوعي أو اسم جغرافي كعنصر مدخل | الحديث |
| التقسيم الفرعي العام | الجوامع (عدا ما ذكر في الكتب الستة) |
| 650 #7 - المدخل الاضافى بالموضوع-مصطلح موضوعى | |
| مصطلح موضوعي أو اسم جغرافي كعنصر مدخل | الحديث |
| التقسيم الفرعي العام | جوامع الفنون |
| 650 #7 - المدخل الاضافى بالموضوع-مصطلح موضوعى | |
| مصطلح موضوعي أو اسم جغرافي كعنصر مدخل | حديث الأحكام |
| 650 #7 - المدخل الاضافى بالموضوع-مصطلح موضوعى | |
| مصطلح موضوعي أو اسم جغرافي كعنصر مدخل | الأدعية (إسلام) |
| 700 1# - المدخل الاضافى - اسم شخصى | |
| الإسم الشخصى | الهبدان، عبد العزيز بن سليمان، |
| الدور | مشرف. |
| 700 1# - المدخل الاضافى - اسم شخصى | |
| الإسم الشخصى | الدخيل، عبد العزيز بن إبراهيم، |
| الدور | مشرف. |
| 952 ## - LOCATION AND ITEM INFORMATION (KOHA) | |
| نوع المادة فى نظام كوها | كتاب |
| 952 ## - LOCATION AND ITEM INFORMATION (KOHA) | |
| نوع المادة فى نظام كوها | كتاب |
| 952 ## - LOCATION AND ITEM INFORMATION (KOHA) | |
| نوع المادة فى نظام كوها | كتاب |
| 952 ## - LOCATION AND ITEM INFORMATION (KOHA) | |
| نوع المادة فى نظام كوها | كتاب |
| 440 #0 - بيان السلسلة/مدخل إضافى-العنوان | |
| العنوان | سلسلة المؤلفات والأسفار السفارينية ؛ |
| رقم المجلد/ التعيين التسلسلي | 1. |
| 9 (RLIN) | 104606 |
| 535 2# - تبصرة موقع الأصول / النسخ | |
| المالك | 6 |
| 740 02 - المدخل الاضافى - عنوان مرتبط/تحليلى غير مقيد | |
| العنوان التحليلي/ الرابط غير مقيد | حديث سيد الاستغفار. |
| 942 ## - | |
| -- | ddc |
| -- | BOOK |
| حالة الفقد | نموذج السعر الفعال | حالة تلف | ليس للاعارة | تاريخ الاكتساب | رقم الطلب | تاريخ الاكتساب | الموقع الحالي | الباركود | الفرع الرئيسي | Date last seen | مصدر التصنيف او خطة الترفيف | Total Checkouts |
|---|---|---|---|---|---|---|---|---|---|---|---|---|
| 2022-09-27 | Not For Loan | 2022-09-27 | 237.3 س م ن | 2022-09-27 | CL | 00146467 | المكتبة المركزية بالمجمعة (CL) | 2022-09-27 | Dewey Decimal Classification | |||
| 2022-09-27 | 2022-09-27 | 237.3 س م ن | 2022-09-27 | CL | 00146468 | المكتبة المركزية بالمجمعة (CL) | 2022-09-27 | Dewey Decimal Classification | ||||
| 2022-09-27 | Not For Loan | 2022-09-27 | 237.3 س م ن | 2022-09-27 | SZM | 00146469 | مكتبة مجمع الكليات بالزلفى - طلاب (SZM) | 2022-09-27 | Dewey Decimal Classification | |||
| 2022-09-27 | 2022-09-27 | 237.3 س م ن | 2022-09-27 | SZM | 00146470 | مكتبة مجمع الكليات بالزلفى - طلاب (SZM) | 2022-09-27 | Dewey Decimal Classification |
